000 01006nam a2200241 a 4500
001 44268
003 BD-RjUL
005 20211209053828.0
008 160716s1976 ii ||||| |||| 00| 0 ben d
020 _c: Tk. 7.50
035 _a(BD-RjUL)44386
040 _aBD-RjUL
_bben
_cBD-RjUL
041 _aben
082 _223
_a891.4414
_bAJR 1973
100 1 _aআজাদ, হুমায়ূন
_9117506
245 1 0 _aরবীন্দ্রপ্রবন্ধ :
_bরাষ্ট্র ও সমাজচিন্তা /
_cহুমায়ূন আজাদ
260 _aঢাকা :
_bবাংলা একাডেমী ,
_c১৯৭৩
300 _a[১০], ১৮০ পৃ. ;
_c১৮ সেমি.
504 _aনির্ঘন্ট ও গ্রন্থপঞ্জী সংযুক্ত
600 _aঠাকুর, রবীন্দ্রনাথ -- ১৮৪৫-১৮৬১
_9136261
600 _aTagore, Rabindranath -- 1845-1861
_9136262
942 _2ddc
_cBK
999 _c44268
_d44268